Airlines quiz #1 - Statistics

General Stats
  • This quiz has been taken 313 times
  • The average score is 8 of 10
Answer Stats
Question Answer % Correct
Name the 3 big US airlines. American, Delta,United
97%
What is the hub airport for Emirates airlines? Dubai International (DXB)
93%
Which 2 airports are hubs for Lufthansa? Frankfurt (FRA)&München (MUC)
91%
Which of these airlines DOES NOT fly the A380? Aero México
89%
Iberia is the national airline of... Spain
85%
What airline is JAL short for? Japan Air Lines
80%
What country is Ryanair from? Republic of Ireland
79%
The national airline of North Korea is Air Koryo
69%
What is the oldest airline in the world? KLM
68%
What is the national airline of Taiwan? China Airlines
53%
No matching quizzes found
Score Distribution
Percent of People with Each Score
Percentile by Number Answered
Your Score History
You have not taken this quiz